استكشف شخصيتك (Record no. 17755)

MARC details
000 -LEADER
fixed length control field 00525nam a22001817a 4500
003 - CONTROL NUMBER IDENTIFIER
control field OSt
005 - DATE AND TIME OF LATEST TRANSACTION
control field 20171019104037.0
008 - FIXED-LENGTH DATA ELEMENTS--GENERAL INFORMATION
fixed length control field 171019b xxu||||| |||| 00| 0 ara d
040 ## - CATALOGING SOURCE
Original cataloging agency LB-BrCRDP
082 ## - DEWEY DECIMAL CLASSIFICATION NUMBER
Classification number 155.2 H495i
100 ## - MAIN ENTRY--PERSONAL NAME
Personal name وليم ا. هنري
245 ## - TITLE STATEMENT
Title استكشف شخصيتك
250 ## - EDITION STATEMENT
Edition statement الطبعة الثانية
260 ## - PUBLICATION, DISTRIBUTION, ETC.
Place of publication, distribution, etc. القاهرة
Name of publisher, distributor, etc. مكتبة النهضة المصرية
Date of publication, distribution, etc. 1961
300 ## - PHYSICAL DESCRIPTION
Extent ص 95
Dimensions سم 20
500 ## - GENERAL NOTE
General note ترجمة عبد المنعم الريادي
942 ## - ADDED ENTRY ELEMENTS (KOHA)
Source of classification or shelving scheme Dewey Decimal Classification
Koha item type Books
Holdings
Withdrawn status Lost status Source of classification or shelving scheme Damaged status Not for loan Home library Current library Date acquired Total Checkouts Full call number Barcode Date last seen Price effective from Koha item type
    Dewey Decimal Classification     مكتبة المطبعة - سن الفيل مكتبة المطبعة - سن الفيل 10/19/2017   155.2 H495i crdp015249 10/19/2017 10/19/2017 Books